000
00280nam a2200097Ia 4500
001
1165954
005
20250827011751.0
008
250824s9999 xx 000 0 und d
245
0
_a
FRANZ VE FUTBOL HİKAYESİ
_c
CHRİSTİNE NÖSTLİNGER
260
_b
GÜNIŞIĞI KİTAPLIĞI YAYINLARI
999
_c
1165954
_d
1165954